1605 1550 1188 1984 1012 1053 1319 1918 1655 1116 1786 1468 1149 1031 1471 1659 1075 1297 1276 1825 1844 1282 1015 1785 1364 1282 1920 1190 1155 1112 1211 1704 1980 1550 1281 1545 1253 1288 1026 1938 1975 1541 1972 1965 1953 1754 1848 1450 1458 1083 1375 1865 1455 1897 1227 1872 1054 1097 1144 1152 1138 1261 1363 1814 1712 1561 1525 1716 1580 1461 1447 1009 1746 1527 1169 1988 1586 1293 1960 1771 1003 1759 1758 1509 1087 1144 1303 1035 1261 1939 1242 1738 1174 1778 1138 1805 1880 1671 1037 BCNSPRNW ULIB Ver.6.0+V

เปลี่ยนเป็นภาษาไทย

Change to English
 แสดงรายละเอียดบรรณานุกรม
  กลับหน้าหลัก

Brief Record : Get Marc (ISO 2709) : E-mail record : QR code < ปิดหน้าต่าง
LEADER : 00000nam 2200000uu 4500
001    13399112076
003     ULIB
008    110726s2548||||th 000 0 tha d
020    974994139X
020    978974941383
050  4 H62.5^bส882ก 2548
100 0  สุวิมล ว่องวาณิช
245 10 การวิจัยประเมินความต้องการจำเป็น =^bNeeds assessment research /^cสุวิมล ว่องวาณิช
246 31 Needs assessment research
250    พิมพ์ครั้งที่ 1
260    กรุงเทพฯ :^bสำนักพิมพ์แห่งจุฬาลงกรณ์มหาวิทยาลัย,^c2548
300    ก-น, 597 หน้า :^bภาพประกอบ ;^cซม
650  7 วิจัย
650  7 การประเมินความต้องการจำเป็น
650  7 ความต้องการ (จิตวิทยา)
945    ^p370^l0^i019801
995    ทศพร
999 ^a ทศพร
รายการนี้ยังไม่มีแท็ก
คุณยังไม่ได้ล็อกอิน คุณสามารถมีกิจกรรมร่วมกับเว็บไซต์ได้ แต่ต้องล็อกอินก่อน ::
  ล็อกอิน

รายการสื่อสารสนเทศ

ลำดับที่ ประเภท เลขเรียก/บาร์โค้ด สถานที่ สถานะ
- ไม่พบข้อมูล -

รายการใกล้เคียง
    หัวเรื่อง [วิจัย]

BibComment


ยังไม่เคยถูกคอมเมนท์

คอมเมนท์ทรัพยากรรายการนี้
  คอมเมนท์: การวิจัยประเมินคว..


 Copyright 2026. Bcnsprnw @Library